Statistics for Countries by Their Midpoints on a World Map #1

Click here to take the quiz!

General Stats

  • This quiz has been taken 129 times
  • The average score is 19 of 20

Answer Stats

Country % Correct
Spain
100%
Canada
100%
Guyana
98%
North Korea
98%
Bolivia
98%
Libya
97%
Indonesia
97%
Honduras
97%
United Arab Emirates
96%
New Zealand
96%
Lesotho
96%
Sudan
95%
Thailand
95%
Lithuania
95%
Azerbaijan
94%
Switzerland
94%
Romania
91%
Rwanda
86%
Tajikistan
80%
Guinea-Bissau
74%

Score Distribution

Percentile by Number Answered

Percent of People with Each Score

Your Score History

You have not taken this quiz